| 000 | 00720nam a2200193Ia 4500 | ||
|---|---|---|---|
| 003 | 0 | ||
| 005 | 20250131071458.0 | ||
| 008 | 150126s9999 xx 000 0 und d | ||
| 050 |
_aPHS LC 225 _b.B139 2014 |
||
| 100 | _aBaeg, Yuna. | ||
| 245 |
_aParental involvement and classroom behavior of grade 11 students in SISC / _cYuna Baeg. |
||
| 260 |
_aLas PiƱas City, Philippines : _bSouthville International School and Colleges, _c2014. |
||
| 300 |
_a29 pages : _billustration ; _c28 cm. |
||
| 504 | _aIncludes bibliographical references. | ||
| 650 | _aParent participation in education. | ||
| 650 |
_aHigh school students _xBehavior. |
||
| 650 |
_aParent-child relationships _xPsychological aspects. |
||
| 942 |
_2lcc _cPASS |
||
| 999 |
_c278673 _d278673 |
||